00269nam a2200109Ia 4500003000400000008004100004100001900045245003600064260003400100300000700134650001800141OSt191201s2013 xx 000 0 und d aHELFAND, Lewis 0aMother Teresa Angel of Slims  bKALYANI MEDIA PVT. LTD.c2013 a83 aGeneral Books